[Event "Wuerttemberg-ch Seniors 15th"]
[Site "Ellwangen"]
[Date "2003.04.19"]
[Round "9"]
[White "Duerr, Hanno"]
[Black "Foehrenbacher, Helmut"]
[Result "1/2-1/2"]
[WhiteElo "1783"]
[BlackElo "1745"]
[PlyCount "43"]
[EventDate "2003.04.??"]
[EventType "swiss"]
[EventRounds "9"]
[EventCountry "GER"]
[SourceTitle "EXT 2006"]
[Source "ChessBase"]
[SourceDate "2005.11.24"]
[SourceVersion "1"]
[SourceVersionDate "2005.11.24"]
[SourceQuality "1"]

1. d4 Nf6 2. Nf3 g6 3. Nbd2 Bg7 4. e4 d6 5. Bd3 Nbd7 6. 0-0 0-0 7. Re1 e5 8. c3 b6 9. a4 a5 10. dxe5 Nxe5 11. Nxe5 dxe5 12. Nc4 Qe7 13. f3 Rd8 14. Qc2 Nd7 15. Be3 Nc5 16. Bf1 Ne6 17. g3 Ba6 18. Bf2 Ng5 19. Re3 Bxc4 20. Bxc4 Nh3+ 21. Kg2 Nxf2 22. Qxf2 1/2-1/2

[Event "Wuerttemberg-ch Seniors 15th"]
[Site "Ellwangen"]
[Date "2003.04.16"]
[Round "6"]
[White "Foehrenbacher, Helmut"]
[Black "Frank, Werner"]
[Result "1/2-1/2"]
[WhiteElo "1745"]
[BlackElo "1982"]
[PlyCount "89"]
[EventDate "2003.04.??"]
[EventType "swiss"]
[EventRounds "9"]
[EventCountry "GER"]
[SourceTitle "EXT 2006"]
[Source "ChessBase"]
[SourceDate "2005.11.24"]
[SourceVersion "1"]
[SourceVersionDate "2005.11.24"]
[SourceQuality "1"]

1. e4 g6 2. d4 Bg7 3. f4 d5 4. e5 Nh6 5. Nf3 0-0 6. Be2 c5 7. dxc5 Qa5+ 8. c3 Qxc5 9. Qd4 b6 10. Be3 Qxd4 11. Nxd4 Nf5 12. Bf2 Nxd4 13. cxd4 Bf5 14. Nc3 Nc6 15. 0-0 Rad8 16. Rac1 Na5 17. b3 f6 18. g4 Be6 19. Be3 fxe5 20. fxe5 Rxf1+ 21. Kxf1 Bc8 22. Kg2 Bb7 23. Kg3 Nc6 24. Nb5 Rc8 25. Bf3 Rd8 26. Nc7 Nb4 27. Ne6 Rc8 28. Rxc8+ Bxc8 29. Nxg7 Kxg7 30. Bd2 Nxa2 31. Bxd5 e6 32. Be4 a5 33. Bb1 Nb4 34. Bxb4 axb4 35. Bd3 g5 36. Bc4 Kf7 37. h4 h6 38. hxg5 hxg5 39. Kf3 Bb7+ 40. Ke3 Ke7 41. Kf2 b5 42. Bxb5 Bd5 43. Ba4 Kd8 44. Ke3 Kc7 45. Kf2 1/2-1/2

[Event "Wuerttemberg-ch Seniors 15th"]
[Site "Ellwangen"]
[Date "2003.04.11"]
[Round "1"]
[White "Franck, Rudolf"]
[Black "Foehrenbacher, Helmut"]
[Result "1-0"]
[WhiteElo "2075"]
[BlackElo "1745"]
[PlyCount "73"]
[EventDate "2003.04.??"]
[EventType "swiss"]
[EventRounds "9"]
[EventCountry "GER"]
[SourceTitle "EXT 2006"]
[Source "ChessBase"]
[SourceDate "2005.11.24"]
[SourceVersion "1"]
[SourceVersionDate "2005.11.24"]
[SourceQuality "1"]

1. d4 Nf6 2. e3 g6 3. Bd3 Bg7 4. f4 d6 5. Nf3 e6 6. 0-0 0-0 7. c3 b6 8. Qe2 Bb7 9. Nbd2 Nbd7 10. e4 d5 11. e5 Ne8 12. b4 c6 13. a4 Nc7 14. Nb3 Re8 15. Be3 Bf8 16. g4 Be7 17. f5 exf5 18. gxf5 gxf5 19. Bxf5 Ne6 20. Qg2+ Kh8 21. Qh3 Ndf8 22. Qh5 Ng6 23. Bxe6 fxe6 24. Kh1 Rf8 25. Ng5 Bxg5 26. Bxg5 Qd7 27. Bf6+ Kg8 28. Rg1 Rxf6 29. exf6 Qf7 30. Qg5 Kh8 31. h4 Rg8 32. Raf1 Ba6 33. Rf2 Bd3 34. Nd2 Bf5 35. Nf3 Be4 36. Kh2 Bf5 37. Ne5 1-0

[Event "Wuerttemberg-ch Seniors 14th"]
[Site "Ellwangen"]
[Date "2002.??.??"]
[Round "4"]
[White "Foehrenbacher, Helmut"]
[Black "Brennscheidt, Raymund"]
[Result "1/2-1/2"]
[WhiteElo "1829"]
[BlackElo "1746"]
[PlyCount "72"]
[EventDate "2002.03.30"]
[EventType "swiss"]
[EventRounds "9"]
[EventCountry "GER"]
[SourceTitle "EXT 2006"]
[Source "ChessBase"]
[SourceDate "2005.11.24"]
[SourceVersion "1"]
[SourceVersionDate "2005.11.24"]
[SourceQuality "1"]

1. e4 e5 2. Nf3 d6 3. d4 exd4 4. Nxd4 Nf6 5. Nc3 Be7 6. Be2 c6 7. Be3 0-0 8. 0-0 h6 9. h3 Qc7 10. Qd2 Kh7 11. f4 Rd8 12. Bd3 Kh8 13. Qf2 a6 14. Nde2 c5 15. Nd5 Nxd5 16. exd5 Bf6 17. c3 Re8 18. Rae1 Nd7 19. Ng3 Rg8 20. Qf3 Nf8 21. Qh5 Nh7 22. Bf2 b5 23. Bxh7 Kxh7 24. Ne4 Ra7 25. g4 Bd8 26. g5 Bf5 27. Re3 Bg6 28. Qf3 Qd7 29. Qg2 Re8 30. Rfe1 Ra8 31. h4 Rg8 32. Kh2 Qf5 33. Bg3 Qd7 34. Qf3 f5 35. Nf2 h5 36. Re6 Bf7 1/2-1/2

[Event "Wuerttemberg-ch Seniors 14th"]
[Site "Ellwangen"]
[Date "2002.??.??"]
[Round "2"]
[White "Foehrenbacher, Helmut"]
[Black "Moeller, Bruno"]
[Result "1/2-1/2"]
[WhiteElo "1829"]
[BlackElo "1820"]
[PlyCount "38"]
[EventDate "2002.03.30"]
[EventType "swiss"]
[EventRounds "9"]
[EventCountry "GER"]
[SourceTitle "EXT 2006"]
[Source "ChessBase"]
[SourceDate "2005.11.24"]
[SourceVersion "1"]
[SourceVersionDate "2005.11.24"]
[SourceQuality "1"]

1. e4 d6 2. d4 Nf6 3. Nc3 c6 4. Be2 Qa5 5. Qd3 Nbd7 6. f4 e5 7. Nf3 exd4 8. Qxd4 d5 9. exd5 Bc5 10. Qd3 0-0 11. Bd2 Qc7 12. 0-0-0 h6 13. g3 Re8 14. Nh4 Nb6 15. Bf3 Bg4 16. Kb1 Bxf3 17. Nxf3 Rad8 18. Rhe1 Rxe1 19. Rxe1 Nbxd5 1/2-1/2

[Event "Wuerttemberg-ch Seniors 14th"]
[Site "Ellwangen"]
[Date "2002.??.??"]
[Round "1"]
[White "Sievers, Gerda"]
[Black "Foehrenbacher, Helmut"]
[Result "0-1"]
[WhiteElo "1417"]
[BlackElo "1829"]
[PlyCount "42"]
[EventDate "2002.03.30"]
[EventType "swiss"]
[EventRounds "9"]
[EventCountry "GER"]
[SourceTitle "EXT 2006"]
[Source "ChessBase"]
[SourceDate "2005.11.24"]
[SourceVersion "1"]
[SourceVersionDate "2005.11.24"]
[SourceQuality "1"]

1. e4 c5 2. Nf3 e6 3. d4 cxd4 4. Nxd4 a6 5. Bc4 Nf6 6. Bg5 Be7 7. Bxf6 Bxf6 8. Nc3 Qc7 9. Bb3 0-0 10. Qd2 b5 11. 0-0-0 Nc6 12. Nxc6 dxc6 13. Kb1 c5 14. a3 Bb7 15. f3 Qc6 16. g3 a5 17. Rhe1 a4 18. Ba2 b4 19. Ne2 bxa3 20. c3 axb2 21. Qc2 a3 0-1

[Event "Wuerttemberg-ch Seniors 13th"]
[Site "Ellwangen"]
[Date "2001.??.??"]
[Round "2"]
[White "Claus, Joachim"]
[Black "Foehrenbacher, Helmut"]
[Result "1/2-1/2"]
[WhiteElo "1875"]
[BlackElo "1873"]
[PlyCount "51"]
[EventDate "2001.04.??"]
[EventType "swiss"]
[EventRounds "9"]
[EventCountry "GER"]
[SourceTitle "EXT 2006"]
[Source "ChessBase"]
[SourceDate "2005.11.24"]
[SourceVersion "1"]
[SourceVersionDate "2005.11.24"]
[SourceQuality "1"]

1. e4 c5 2. d4 cxd4 3. c3 d3 4. Bxd3 Nc6 5. Nf3 d6 6. h3 g6 7. 0-0 Bg7 8. Be3 Nf6 9. Nbd2 Qc7 10. Qe2 0-0 11. Rac1 b6 12. Bf4 Nd7 13. Rfd1 Bb7 14. Nb3 Rac8 15. Nbd4 Nde5 16. Nxe5 Nxe5 17. Bb1 a6 18. Nf3 Rfd8 19. Nxe5 dxe5 20. Be3 e6 21. f3 Rxd1+ 22. Rxd1 Rd8 23. Rd2 Bf6 24. Qd1 Rxd2 25. Qxd2 Be7 26. Kf2 1/2-1/2

[Event "Wuerttemberg-ch Seniors 13th"]
[Site "Ellwangen"]
[Date "2001.??.??"]
[Round "6"]
[White "Herzel, Alois"]
[Black "Foehrenbacher, Helmut"]
[Result "1/2-1/2"]
[WhiteElo "1820"]
[BlackElo "1873"]
[PlyCount "45"]
[EventDate "2001.04.??"]
[EventType "swiss"]
[EventRounds "9"]
[EventCountry "GER"]
[SourceTitle "EXT 2006"]
[Source "ChessBase"]
[SourceDate "2005.11.24"]
[SourceVersion "1"]
[SourceVersionDate "2005.11.24"]
[SourceQuality "1"]

1. d4 Nf6 2. c4 g6 3. Nc3 Bg7 4. e4 d6 5. f3 Nc6 6. Be3 a6 7. Qd2 Rb8 8. Nge2 b5 9. g4 h5 10. g5 Nd7 11. Nc1 bxc4 12. Bxc4 Nb6 13. Bf1 e5 14. Nb3 0-0 15. h4 Qe8 16. d5 Ne7 17. Na5 Qd7 18. b3 c5 19. dxc6 Nxc6 20. Bh3 Qc7 21. Bxb6 Qxb6 22. Nc4 Qd4 23. Bxc8 1/2-1/2